15 Largest Cities in Tunisia🇹🇳 - Statistics

General Stats
  • This quiz has been taken 71 times
  • The average score is 7 of 15
Answer Stats
Population City % Correct
693k Tunis
100%
277k Sfax
92%
164k Sousse
90%
115k Bizerte
65%
110k Gabes
53%
119k Kairouan
53%
71k Monastir
51%
97k Ariana
39%
81k Gafsa
33%
81k Kasserine
29%
74k Ben Arous
27%
79k Zarzis
14%
79k La Goulette
12%
65k Al Marsa
0%
66k La Mohammedia
0%
No matching quizzes found
Score Distribution
Percent of People with Each Score
Percentile by Number Answered
Your Score History
You have not taken this quiz